Statistics for Where do or did these teams play (not necessarily current)?

Click here to take the quiz!

General Stats

  • This quiz has been taken 27 times
  • The average score is 6 of 15

Answer Stats

HintAnswer% Correct
ArsenalLondon
88%
BenficaLisbon
77%
EvertonLiverpool
77%
FeyenoordRotterdam
73%
GalatasarayIstanbul
54%
SantosSao Paulo
50%
AnderlechtBrussels
46%
Heart of MidlothianEdinburgh
46%
OlympiakosPiraeus
19%
Golden State WarriorsOakland
12%
EssendonMelbourne
8%
Tennessee TitansNashville
8%
New England PatriotsFoxborough
4%
Gold CoastCarrara
0%
NY JetsEast Rutherford
0%

Score Distribution

Percentile by Number Answered

Percent of People with Each Score

Your Score History

You have not taken this quiz